| 000 | 00000nam##2200000za#4500 |
| 001 | 9.581500 |
| 003 | CaOODSP |
| 005 | 20220125145841 |
| 007 | cr ||||||||||| |
| 008 | 150406|2015||||xxc|||||o f|0| 0 eng|d |
| 020 | |a978-1-100-25762-4 |
| 040 | |aCaOODSP|beng |
| 043 | |an-cn--- |
| 086 | 1 |aD4-4/6-2015E-PDF |
| 110 | 1 |aCanada. |bDepartment of National Defence. |
| 245 | 14|aThe comprehensive approach : |h[electronic resource]|bperspectives from the field / |cedited by: Commander Dave Woycheshin. |
| 260 | |aKingston - Ontario : |bNational Defence |cc2015. |
| 300 | |a182p.|bglossary, tables |
| 490 | 1 |aIn harm's way |
| 590 | |a15-11|b2015-03-13 |
| 776 | 0#|tThe comprehensive approach : |w(CaOODSP)9.516003 |
| 830 | #0|aIn harm's way.|w(CaOODSP)9.506945 |
| 856 | 40|ahttp://publications.gc.ca|qPDF|s907 KB|uhttps://publications.gc.ca/collections/collection_2015/mdn-dnd/D4-4-6-2015-eng.pdf |